Real provision del Consejo que comprehende el plan de estudios que ha de observar la Universidad de Alcalá de Nares [sic]. (Record no. 162657)
[ view plain ]
| 000 -LEADER | |
|---|---|
| campo de control de longitud fija | 00743nam a2200181 i 4500 |
| 001 - NÚMERO DE CONTROL | |
| campo de control | 162657 |
| 003 - IDENTIFICADOR DE NÚMERO DE CONTROL | |
| campo de control | ES-MaACL |
| 005 - FECHA Y HORA DE LA ÚLTIMA TRANSACCIÓN | |
| campo de control | 20230906212556.0 |
| 008 - DATOS DE LONGITUD FIJA--INFORMACIÓN GENERAL | |
| campo de control de longitud fija | 931025s1772 sp |||| | spa d |
| 110 2# - ENTRADA PRINCIPAL--NOMBRE DE ENTIDAD CORPORATIVA | |
| Nombre de entidad corporativa o nombre de jurisdicción como elemento de entrada | Universidad de Alcalá de Henares. |
| 9 (RLIN) | 7135 |
| 245 10 - MENCIÓN DEL TÍTULO | |
| Título | Real provision del Consejo que comprehende el plan de estudios que ha de observar la Universidad de Alcalá de Nares [sic]. |
| 260 ## - PUBLICACIÓN, DISTRIBUCIÓN, ETC. | |
| Lugar de publicación, distribución, etc. | En Madrid : |
| Nombre del editor, distribuidor, etc. | en la Imprenta de Pedro Marin, |
| Fecha de publicación, distribución, etc. | 1772. |
| 300 ## - DESCRIPCIÓN FÍSICA | |
| Extensión | [4], 236, [8] p. ; |
| Dimensiones | Fol. |
| 597 ## - NOTA DE DESCRIPCIÓN FÍSICA | |
| NOTA DE DESCRIPCIÓN FÍSICA | Sign.: [ ]2, A-Z2, 2A-2Z2, 3A-3N2, [ ]4. |
| 610 24 - PUNTO DE ACCESO ADICIONAL DE MATERIA--NOMBRE DE ENTIDAD CORPORATIVA | |
| Nombre de entidad corporativa o nombre de jurisdicción como elemento de entrada | Universidad de Alcalá de Henares- |
| Subdivisión de forma | Historia. |
| 9 (RLIN) | 143818 |
| 650 04 - PUNTO DE ACCESO ADICIONAL DE MATERIA--TÉRMINO DE MATERIA | |
| Término de materia o nombre geográfico como elemento de entrada | Universidades- |
| Subdivisión geográfica | España- |
| Subdivisión general | Historia. |
| 9 (RLIN) | 17686 |
| 852 ## - LOCALIZACIÓN | |
| Ubicación | ES-MaACL |
| Número de control de estantería | R-2658(2) |
| Nota libre | -- Enc. pasta |
| Encuadernación | -- Olim: C-1621 |
| Estatus retirado | Estado de pérdida | Estado de daño | No para préstamo | Colección | Biblioteca de origen | Biblioteca actual | Ubicación en estantería | Fecha de adquisición | Fuente de adquisición | Total de préstamos | Signatura topográfica completa | Código de barras | Visto por última vez | Precio de reemplazo | Tipo de ítem Koha |
|---|---|---|---|---|---|---|---|---|---|---|---|---|---|---|---|
| Libros del s. XVIII | Biblioteca del Ateneo de Madrid | Biblioteca del Ateneo de Madrid | Depósito | 17/01/2008 | R-2658(2) | 1170411 | 23/02/2023 | 23/02/2023 | Libro impreso antiguo |
